000 01102nam a2200337 c 4500
999 _c18857
_d18857
003 BLK
005 20220225111601.0
008 180413b bul|||||r ||||||| ||bul||
010 _aKNG00020934000
020 _a954-8952-06-8
040 _aBLK
041 _aBUL
_cBUL
072 7 _2bullib
_aРА
_xРусенски автори
072 7 _2bullib
_aЯ
_xАвтографи
080 _aБългарска литература
_b821.163.2
_x-1
_z821.163.2-1
100 1 _aЖивкова, Татяна
_eпърви автор
_9364468
139 _aЖивкова, Татяна
_bЖ 48
245 1 0 _aЕскизи на един живот
_b[Стихотворения]
_cТатяна Живкова.
257 _aBGR
260 _bСилоам прес
_c1998
300 _a24 с.
_bс ил.
_c20 см
380 _aX
500 _a500 тир.
659 _aК
659 _aЯ
852 _aЦб 196012
852 _aК 821.163.2/Ж 48 Т
856 4 _qpdf
_u
856 4 _qpdf
_u
942 _cKNG
_n0
_s1
944 _aCR
_c15.01.2003
_kРенета_Константинова
944 _aED
_c05.11.2014
999 _d18857